Alternative futures for changing landscapes: The upper san pedro river basin in arizona and sonora
Spremljeno u:
| Glavni autor: | |
|---|---|
| Format: | Sách |
| Jezik: | Undetermined |
| Izdano: |
Island Press
2002
|
| Teme: | |
| Oznake: |
Dodaj oznaku
Bez oznaka, Budi prvi tko označuje ovaj zapis!
|
| Thư viện lưu trữ: | Trung tâm Thư viện - Trường Đại học Công nghiệp TP. Hồ Chí Minh |
|---|
| LEADER | 00536nam a2200157Ia 4500 | ||
|---|---|---|---|
| 001 | UIH_03982 | ||
| 008 | 231011s9999 xx 000 0 und d | ||
| 082 | |a 307.1 | ||
| 100 | |a SteinitZ, Carl | ||
| 245 | 0 | |a Alternative futures for changing landscapes: The upper san pedro river basin in arizona and sonora | |
| 245 | 0 | |c SteinitZ, Carl | |
| 260 | |b Island Press | ||
| 260 | |c 2002 | ||
| 650 | |a Cộng đồng; | ||
| 927 | |a Sách | ||
| 980 | |a Trung tâm Thư viện - Trường Đại học Công nghiệp TP. Hồ Chí Minh | ||